| 000 | 01518nam a22001577a 4500 | ||
|---|---|---|---|
| 999 |
_c522557 _d522557 |
||
| 008 | 230421b ||||| |||| 00| 0 eng d | ||
| 100 |
_aKhara, Deepratan Singh _940144 |
||
| 245 | _aGroundwater governance in India: A legal and institutional perspective | ||
| 260 | _aIndian Journal of Public Administration | ||
| 300 | _a69(1), Mar, 2023: p.204-220 | ||
| 520 | _aAvailability of and accessibility to groundwater have played a considerable role in India’s development, especially in the agriculture sector. Although the groundwater boom has provided numerous advantages, it has also created a slew of intractable problems in terms of overexploitation and resource depletion, leading to the emergence of a groundwater crisis. Although there exists a policy structure to address these concerns, India’s legal framework for groundwater governance and management is complex and multi-layered, with constitutional and statutory provisions of both the Central and state governments. The present article aims to explore the nuances of groundwater governance in India from legal and institutional perspectives in an integrated manner. It examines the constitutional and right-based aspects of groundwater management as well as the evolution of associated groundwater policy measures undertaken so far. – Reproduced | ||
| 650 |
_aGroundwater governance, Water policy, Model bills, Public trust doctrine. _937828 |
||
| 773 | _aIndian Journal of Public Administration | ||
| 906 | _aWATER POLICY | ||
| 942 | _cAR | ||